El beato Esteban Bellesini, Agustino (1774-1840): un educador para el pueblo, un pastor para los pobres

Saved in:  
Bibliographic Details
Main Author: Galdeano, J. Luis (Author)
Format: Print Book
Language:Spanish
Subito Delivery Service: Order now.
Check availability: HBZ Gateway
WorldCat: WorldCat
Interlibrary Loan:Interlibrary Loan for the Fachinformationsdienste (Specialized Information Services in Germany)
Published: Madrid Ed. Revista Agustiniana 1994
In: Perfiles (6)
Year: 1994
Series/Journal:Perfiles 6

MARC

LEADER 00000cam a22000002c 4500
001 1183432410
003 DE-627
005 20231016225246.0
007 tu
008 040916s1994 xx ||||| 00| ||spa c
020 |a 8486898250  |9 84-86898-25-0 
035 |a (DE-627)1183432410 
035 |a (DE-576)113432410 
035 |a (DE-599)BSZ113432410 
035 |a (OCoLC)31056664 
040 |a DE-627  |b ger  |c DE-627  |e rakwb 
041 |a spa 
084 |a 1  |2 ssgn 
084 |a BO 1750  |2 rvk  |0 (DE-625)rvk/14026: 
100 1 |a Galdeano, J. Luis  |4 aut 
245 1 3 |a El beato Esteban Bellesini, Agustino (1774-1840)  |b un educador para el pueblo, un pastor para los pobres  |c J. Luis Galdeano 
264 1 |a Madrid  |b Ed. Revista Agustiniana  |c 1994 
300 |a 92 S. 
336 |a Text  |b txt  |2 rdacontent 
337 |a ohne Hilfsmittel zu benutzen  |b n  |2 rdamedia 
338 |a Band  |b nc  |2 rdacarrier 
490 1 |a Perfiles  |v 6 
830 0 |a Perfiles  |v 6  |9 6  |w (DE-627)1102589802  |w (DE-576)032589808  |7 am 
935 |a mteo 
936 r v |a BO 1750  |b Einzelne Orden  |k Theologie und Religionswissenschaften  |k Patrologie und Kirchengeschichte  |k Kirchengeschichte nach Sachgebieten  |k Ordensgeschichte  |k Darstellungen:  |k Einzelne Orden  |0 (DE-627)1270653458  |0 (DE-625)rvk/14026:  |0 (DE-576)200653458 
951 |a BO 
ELC |b 1 
LOK |0 000 xxxxxcx a22 zn 4500 
LOK |0 001 4830379979 
LOK |0 003 DE-627 
LOK |0 004 1183432410 
LOK |0 005 20251218165911 
LOK |0 008 251218||||||||||||||||ger||||||| 
LOK |0 035   |a (DE-4020)wubadaa10599 
LOK |0 040   |a DE-4020  |c DE-627  |d DE-4020 
LOK |0 092   |o n 
LOK |0 852   |a DE-4020 
LOK |0 852 1  |c D 412/6  |m p  |9 00 
LOK |0 935   |a bami 
LOK |0 938   |k p 
LOK |0 939   |a 18-12-25  |b l01 
ORI |a SA-MARC-ixtheoa001.raw